[Event "Irish International Open 2019"]
[Site "Dublin"]
[Date "2019.04.17"]
[Round "1.1"]
[White "Epishin, Vladimir"]
[Black "Scallan, Fiachra"]
[Result "1-0"]
[WhiteElo "2568"]
[BlackElo "1899"]
[Annotator "TA"]
[PlyCount "71"]
[EventDate "2019.02.28"]
[EventType "swiss"]
[EventCountry "IRL"]
[SourceTitle "playchess.com"]
[Source "ChessBase"]
[SourceQuality "1"]

{[%evp 9,71,11,11,9,9,0,6,16,18,5,68,-7,29,0,0,0,0,0,0,0,0,-8,18,-21,12,0,6,12,6,18,100,7,18,0,72,72,67,67,64,70,60,47,120,126,185,167,156,158,155,164,512,511,666,641,1784,1340,29985,29986,29991,29992,29992,29989,29991,29990]} 1. Nf3 d5 2. e3 Nf6 3. c4 e6 4. Nc3 a6 (4... c5 5. cxd5 exd5 6. d4 c4 7. Ne5 Nc6 8. b3 cxb3 9. Bb5 Bd7 10. Qxb3 a6 11. Bd3 Bd6 12. f4 Na5 13. Qb1 b5 {1-0 (86) Wei,Y (2733)-Safarli,E (2662) Astana 2019}) 5. b3 b6 6. d4 {A17: English Opening: 1...Nf6 with ...Bb4} Bb7 7. Bd3 c5 8. O-O {The position is equal.} cxd4 $146 ({Predecessor:} 8... g6 9. Bb2 Bg7 10. Rc1 O-O 11. Qe2 Nbd7 12. Rfd1 Qc7 13. Bb1 Rad8 14. Rd2 Rfe8 {½-½ (25) Arencibia,J (2400)-Rodriguez Cespedes,A (2530) Holguin 1991}) 9. exd4 Nc6 (9... Be7 $11) 10. Be3 (10. cxd5 $1 $14 exd5 11. Bg5) 10... Be7 11. Qe2 O-O 12. Rac1 Re8 13. h3 Ba3 14. Rcd1 Bb4 15. Qb2 Qd6 16. Ne2 a5 17. Bf4 Qe7 18. Bg5 h6 19. Bh4 Qd8 {[#]} (19... Rac8 $11) 20. Ne5 (20. c5 $1 $16 {[%mdl 512]}) 20... Be7 $11 21. Bg3 Nxe5 (21... a4 $11 {keeps the balance.}) 22. dxe5 $16 Nd7 23. cxd5 Bxd5 24. f4 Ra7 25. f5 Qa8 {[#]} (25... exf5 $14 26. Bxf5 Be6) 26. Nf4 $1 Bg5 (26... Bc5+ $16 27. Kh1 exf5) 27. fxe6 Bxe6 28. Nxe6 fxe6 29. Qe2 Nc5 $2 (29... Rd8 30. Bf2 Rc7) 30. Bb1 $18 Nd7 31. h4 Be7 32. Qd3 {[%csl Gb1][%cal Rd3h7]} Nf8 {[#]} 33. Rxf8+ $1 {[%mdl 576] Remove Defender. White mates.} Bxf8 34. Qh7+ Kf7 35. Bg6+ {[%mdl 64] Skewer} Ke7 36. h5 {Accuracy: White = 60%, Black = 27%.} 1-0

[Event "Irish International Open 2019"]
[Site "Dublin"]
[Date "2019.04.17"]
[Round "1.2"]
[White "Hafstad, Leif"]
[Black "Saric, Ante"]
[Result "0-1"]
[WhiteElo "1857"]
[BlackElo "2530"]
[Annotator "TA"]
[PlyCount "106"]
[EventDate "2019.02.28"]
[EventType "swiss"]
[EventCountry "IRL"]
[SourceTitle "playchess.com"]
[Source "ChessBase"]
[SourceQuality "1"]

{[%evp 11,106,5,16,14,2,1,9,0,0,0,0,0,20,20,18,12,7,-26,10,9,9,6,0,8,10,8,7,-1,-12,-54,-56,-60,-66,-62,-50,-66,-66,-68,-65,-141,-92,-122,-87,-90,-56,-194,-89,-109,-51,-55,-43,-50,-45,-53,-46,-34,-7,-10,-8,-4,0,-18,-18,-42,-42,-42,-42,-38,-18,-43,-18,-65,-18,-65,-43,-58,-26,-58,-58,-78,-78,-78,-66,-66,-66,-412,-411,-338,-366,-625,-606,-524,-455,-1072,-979,-752,-699]} 1. e4 c5 2. Nf3 e6 3. g3 Nc6 4. Bg2 Nf6 5. Nc3 d5 6. exd5 exd5 7. d4 {B40: Sicilian: 2...e6, Unusual lines} Bg4 8. O-O (8. Be3 cxd4 9. Bxd4 Qe7+ 10. Kf1 O-O-O 11. h3 Bh5 12. Nb5 Qb4 13. a4 a6 14. Na7+ Nxa7 15. Bxa7 Qxb2 {½-½ (47) Landa,K (2597)-Van Foreest,J (2601) Vlissingen 2016}) 8... Nxd4 9. Qe1+ {The position is equal.} Be7 10. Nxd4 cxd4 11. Ne2 O-O 12. Nxd4 Bc5 $146 ({Predecessor:} 12... Re8 13. h3 Bh5 14. Qc3 Rc8 {½-½ (56) Glek,I (2413)-Dvalishvili,P (2433) Moscow 2017}) 13. Be3 Qb6 14. Nb3 d4 15. Bg5 Rae8 16. Qa5 Qxa5 17. Nxa5 Be2 18. Rfc1 Ne4 $36 {[%mdl 2048] Black has good play.} 19. Nb3 Bb6 20. Bxe4 (20. Bd2 $5) 20... Rxe4 21. Re1 Rfe8 22. Bd2 a6 23. Kg2 f5 24. f3 R4e6 25. Bb4 (25. Rac1 $15) 25... Kf7 26. Rac1 Re3 27. f4 Rc8 28. Bd6 {[#]} (28. Bd2 $15 Re4 29. Ba5) 28... Bf3+ (28... Bc4 $1 $19 {is more deadly. Threatens to win with ...Rxe1.} 29. Rxe3 dxe3) 29. Kf1 $17 Be4 ({Black should play} 29... Bd5 $17 {White must now prevent ...d3.} 30. Rxe3 dxe3) 30. Rxe3 $1 $15 dxe3 31. c3 Rc6 32. Be5 $1 Rh6 33. Kg1 $1 Bd5 (33... Bc2 $5 34. Re1 e2+ 35. Nd4 Bd3 $11) 34. Nd4 e2 35. Re1 Bf3 36. h4 Bg4 37. Kg2 Bxd4 $1 38. Bxd4 {[%mdl 4096] Endgame KRB-KRB} Rd6 39. Kf2 Rd7 40. Ke3 Ke6 41. Kd3 Kd5 42. Be5 h6 43. Bd4 Re7 44. Be5 b5 45. a3 a5 46. Ra1 {[#]} g5 $1 {[%mdl 512]} 47. hxg5 (47. fxg5 hxg5) 47... hxg5 48. Rh1 $2 {[%mdl 8192]} (48. Re1 $15) 48... gxf4 $19 49. gxf4 {[#]} Rh7 $1 {[%cal Rh7h1][%mdl 512]} 50. Re1 $2 (50. Rg1 Rh3+ 51. Kd2) (50. Rxh7 e1=Q) 50... Rh3+ {Black is clearly winning.} 51. Kc2 Ke4 52. Kd2 (52. b4 $142 Rd3 53. Bd4 axb4 54. axb4) 52... Rd3+ 53. Kc2 Rd1 {Accuracy: White = 39%, Black = 53%.} 0-1

[Event "Irish International Open 2019"]
[Site "Dublin"]
[Date "2019.04.17"]
[Round "1.3"]
[White "Burg, Twan"]
[Black "Remenyik, David"]
[Result "1-0"]
[WhiteElo "2519"]
[BlackElo "1798"]
[Annotator "TA"]
[PlyCount "63"]
[EventDate "2019.02.28"]
[EventType "swiss"]
[EventCountry "IRL"]
[SourceTitle "playchess.com"]
[Source "ChessBase"]
[SourceQuality "1"]

{[%evp 11,62,11,7,-8,19,-1,50,42,41,39,44,48,53,39,38,45,62,49,55,38,56,56,73,25,126,110,114,83,87,79,155,139,362,347,380,347,681,669,707,695,679,751,29988,29989,29989,29990,29993,29994,29996,29997,29997,29998,29999]} 1. e4 e6 2. d4 d5 3. Nd2 Nf6 4. e5 Nfd7 5. f4 c5 6. Ngf3 Nc6 7. Nb3 {C05: French Tarrasch: 3...Nf6 4 e5 Nfd7, 5 f4 and 5 Bd3 sidelines} a6 (7... c4 8. Nbd2 Qa5 9. c3 b5 10. Be2 b4 11. Nb1 Nb6 12. O-O Bd7 13. Kh1 Be7 14. Bd2 Rb8 15. cxb4 Nxb4 {1-0 (37) Mamedov,R (2659)-Wang,H (2729) Dubai 2014}) 8. Be2 (8. dxc5 {is interesting.} a5 9. Be3 a4 10. Nbd4 Nxc5 11. a3) 8... cxd4 (8... c4 $11) 9. Nbxd4 {White is slightly better.} Nxd4 10. Nxd4 Nb8 $146 ({Predecessor:} 10... Be7 11. c3 O-O 12. O-O Nc5 13. Bd3 f6 14. Bc2 Bd7 {½-½ (32) Goldberg,S (1492)-Hastie,S (1444) Waterkloof 2015}) 11. Be3 Nc6 12. Nf3 (12. Nb3 {seems wilder.} Be7 13. Qd2 Bd7 14. a3 O-O 15. O-O) 12... Be7 13. O-O O-O 14. c3 Bd7 15. Qe1 Kh8 16. Rd1 Qc7 17. Qg3 Bd8 (17... Na5 $11 {keeps the balance.}) 18. Bd3 g6 19. Kh1 Ne7 20. Qh3 Nf5 ({Black should try} 20... Rg8) 21. Bf2 $40 {[%mdl 128] White attacks with force.} ({Don't take} 21. Bxf5 $6 gxf5 22. Bf2 Rg8 $14) 21... Kg7 $2 (21... Ba4 $16) 22. g4 $18 Nh6 23. Be3 {[#] Hoping for f5.} Ng8 $2 (23... Be7 24. f5 Nxf5 25. gxf5 exf5 26. Bh6+ (26. e6 fxe6 27. Bh6+ Kh8 $18) 26... Kh8 27. Bxf8 Rxf8) 24. f5 exf5 25. gxf5 Bxf5 26. Bxf5 gxf5 27. Rg1+ {White mates.} Kh8 28. Bh6 Nxh6 29. Qxh6 {[%cal Rh6f8]} Rg8 30. Rxg8+ Kxg8 31. Rg1+ Kh8 32. Qg7# {Played: Qh6-f8} 1-0

[Event "Irish International Open 2019"]
[Site "Dublin"]
[Date "2019.04.17"]
[Round "1.4"]
[White "O`Connell, Kevin J."]
[Black "Jovanic, Ognjen"]
[Result "0-1"]
[WhiteElo "2328"]
[BlackElo "2515"]
[Annotator "TA"]
[PlyCount "81"]
[EventDate "2019.02.28"]
[EventType "swiss"]
[EventCountry "IRL"]
[SourceTitle "playchess.com"]
[Source "ChessBase"]
[SourceQuality "1"]

{[%evp 18,81,27,17,21,24,19,-5,28,16,20,16,16,16,17,-2,18,4,21,23,28,10,14,4,27,-4,0,-24,-1,-11,-12,-49,-42,-58,-50,-61,-59,-70,-76,-93,-89,-116,-88,-95,-91,-85,-87,-84,-84,-84,-91,-89,-75,-95,-82,-483,-117,-164,-104,-225,-71,-90,-75,-64,-69,-29991]} 1. d4 Nf6 2. Bf4 g6 3. e3 Bg7 4. Nd2 O-O 5. Ngf3 d6 6. h3 b6 7. c3 c5 8. Be2 Bb7 9. O-O Nbd7 10. Re1 Rc8 {A48: 1 d4 Nf6 2 Nf3 g6: Torre, London and Colle Systems} (10... a6 11. a4 cxd4 12. exd4 Nd5 13. Bh2 Bh6 14. Bf1 a5 15. Nc4 N7f6 16. Na3 Bf4 17. Bxf4 Nxf4 18. g3 N4d5 19. Bg2 {½-½ (64) Kamsky,G (2741)-Svidler,P (2747) Loo 2013}) 11. a4 a6 12. Rc1 Rc7 {The position is equal.} 13. Qb3 $146 ({Predecessor:} 13. c4 Re8 14. Nb1 Ne4 15. Nc3 Nxc3 16. Rxc3 Qa8 17. Rc1 Rcc8 18. Bg3 cxd4 19. exd4 {½-½ (56) Weiss,S-Paschall,W (2390) Boston 2001}) 13... Qa8 14. Bf1 Rcc8 15. Qa2 Rfe8 16. Ng5 d5 17. Ngf3 Nh5 18. Bh2 e6 19. g4 Nhf6 20. Ne5 Red8 21. f4 Ne8 22. Qb1 f6 23. Nxd7 Rxd7 24. Nf3 Nd6 25. g5 f5 26. Bd3 Bc6 27. Bc2 Rdc7 28. Re2 Be8 29. Ree1 b5 30. dxc5 Rxc5 31. Nd4 Bd7 32. axb5 axb5 33. Bd3 Qb7 34. Nc2 Nc4 {aiming for ...Nd2.} 35. Bxc4 Rxc4 36. Nb4 $2 {[%mdl 8192] [#]} (36. Bg3 $17 {is more resistant.}) 36... Bf8 $2 (36... d4 $1 $19 {[%mdl 512] and Black stays clearly on top.} 37. Red1 (37. cxd4 Rxb4) 37... dxc3 38. bxc3 Bxc3) 37. Nd3 b4 (37... Bd6 $19 38. Qc2 b4) 38. cxb4 {[#]} (38. Ne5 $17 {was called for.}) 38... Bxb4 $2 (38... d4 $1 $19 {Strongly threatening ...Rxc1.} 39. Rxc4 Rxc4) 39. Rxc4 $17 dxc4 40. Nxb4 Qxb4 41. Qc2 $2 {[%mdl 8192] Accuracy: White = 28%, Black = 40%.} (41. Bg3 $15) 0-1

[Event "Irish International Open 2019"]
[Site "Dublin"]
[Date "2019.04.17"]
[Round "1.6"]
[White "Scott, Luke"]
[Black "Strikovic, Aleksa"]
[Result "0-1"]
[WhiteElo "1881"]
[BlackElo "2493"]
[Annotator "TA"]
[PlyCount "66"]
[EventDate "2019.02.28"]
[EventType "swiss"]
[EventCountry "IRL"]
[SourceTitle "playchess.com"]
[Source "ChessBase"]
[SourceQuality "1"]

{[%evp 16,66,50,15,22,14,18,9,14,11,14,0,27,23,33,39,20,29,41,24,43,31,30,25,31,12,20,12,9,0,0,-26,-13,-119,-112,-116,-126,-138,-99,-85,-76,-110,-106,-102,-108,-302,-275,-813,-816,-790,-762,-744,-713]} 1. d4 d6 2. Nf3 Nf6 3. c4 Nbd7 4. Nc3 e5 5. e4 Be7 6. Be2 O-O 7. O-O c6 8. Re1 a6 9. a4 a5 {A55: Old Indian Defence with Nf3 and e4} 10. Bf1 Re8 11. b3 exd4 {The position is equal.} (11... Bf8 12. Ba3 Qc7 13. Qd2 exd4 14. Nxd4 b6 15. g3 Nc5 16. Bg2 Bd7 17. Rad1 {1-0 (57) Kirillov,D (2209)-Paichadze,L (2564) Moscow 2018}) 12. Nxd4 Nc5 13. f3 $146 ({Predecessor:} 13. Bf4 Qb6 14. Qc2 Bf8 15. Rad1 h6 16. h3 Bd7 17. g3 {0-1 (50) Rosko,L (2305)-Szczepkowska,K (2278) Frydek Mistek 2011}) 13... Bf8 14. Rb1 g6 15. Be3 Nfd7 16. Qd2 Qb6 17. h3 Ne5 18. f4 Ned7 19. Bf2 Bg7 20. Qc2 Qc7 21. g3 Na6 22. Qd2 Ndc5 23. Bg2 Nb4 24. Ndb5 (24. Re2 $11 {remains equal.}) 24... cxb5 $17 25. Nxb5 Qd8 26. Nxd6 b6 27. e5 {[#] Black must now prevent Bxc5.} Ra7 28. Bxc5 bxc5 29. Rbd1 Rd7 30. Qf2 $2 (30. Qe2 $17) 30... Bf8 $19 31. Qxc5 $2 (31. Kh2) 31... Bxd6 {Black is clearly winning.} 32. exd6 Rxe1+ {[%mdl 64] [#] Overworked Piece} 33. Rxe1 Nd3 {[%mdl 64] Double Attack. Accuracy: White = 30%, Black = 58%.} 0-1

[Event "Irish International Open 2019"]
[Site "Dublin"]
[Date "2019.04.17"]
[Round "1.7"]
[White "Hovhannisyan, Mher"]
[Black "Murphy, Sean"]
[Result "1-0"]
[WhiteElo "2462"]
[BlackElo "1976"]
[Annotator "RC"]
[PlyCount "69"]
[EventDate "2019.02.28"]
[EventType "swiss"]
[EventCountry "IRL"]
[SourceTitle "playchess.com"]
[Source "ChessBase"]
[SourceQuality "1"]
[TimeControl "5400+30"]

1. d4 {[%emt 0:00:00]} Nf6 {[%emt 0:00:00]} 2. Nf3 {[%emt 0:00:00]} d5 {[%emt 0:00:00]} 3. c4 {[%emt 0:00:00]} e6 {[%emt 0:00:58]} 4. g3 {[%emt 0:00:27]} Bb4+ {[%emt 0:01:29]} 5. Bd2 {[%emt 0:00:31]} Bxd2+ {[%emt 0:01:37]} 6. Nbxd2 {[%emt 0:00:10]} O-O {[%emt 0:00:13]} 7. Bg2 {[%emt 0:00:04]} c6 {[%emt 0:00:38]} 8. O-O {[%emt 0:00:28]} Nbd7 {[%emt 0:01:22]} 9. Qc2 {[%emt 0:00:40]} Re8 {[%emt 0:00:34]} 10. e4 {[%emt 0:01:32]} dxe4 {[%emt 0:08:04]} 11. Nxe4 {[%emt 0:00:06]} Nxe4 {[%emt 0:00:27]} 12. Qxe4 {[%emt 0:00:06]} Nf6 {[%emt 0:00:21]} 13. Qc2 {[%emt 0:00:26]} Bd7 {[%emt 0:01:33]} 14. Rfd1 {[%emt 0:04:48]} Qc7 {[%emt 0:00:22]} 15. c5 {[%emt 0:00:54]} Rad8 {[%emt 0:02:46]} 16. Ne5 {[%emt 0:00:38]} Bc8 {[%emt 0:02:26]} 17. b4 {[%emt 0:02:22]} Nd5 {[%emt 0:00:27]} 18. Rab1 {[%emt 0:02:54]} Qe7 {[%emt 0:06:30]} 19. Be4 {[%emt 0:00:57]} h5 {[%emt 0:05:57]} 20. Bh7+ {[%emt 0:02:06]} Kh8 {[%emt 0:04:37]} 21. Bg6 {[%emt 0:00:19]} Rf8 {[%emt 0:00:57]} 22. Bxf7 {[%emt 0:00:16]} Qxf7 {[%emt 0:03:00]} 23. Nxf7+ {[%emt 0:00:06]} Rxf7 {[%emt 0:00:08]} 24. Re1 {[%emt 0:00:45]} Rdf8 {[%emt 0:00:24]} 25. Re5 {[%emt 0:00:16]} Nf6 {[%emt 0:01:37]} 26. Qg6 {[%emt 0:00:27]} Kg8 {[%emt 0:00:29]} 27. Rb3 {[%emt 0:05:33]} Nd5 {[%emt 0:03:40]} 28. Rxh5 {[%emt 0:01:12]} Rf6 {[%emt 0:00:16]} 29. Qh7+ {[%emt 0:00:27]} Kf7 {[%emt 0:00:02]} 30. Rg5 {[%emt 0:00:59]} Ke8 {[%emt 0:00:39]} 31. f4 {[%emt 0:01:14]} Nxf4 {[%emt 0:01:40]} 32. gxf4 {[%emt 0:00:30]} Rxf4 {[%emt 0:00:02]} 33. Rb1 {[%emt 0:01:15]} e5 {[%emt 0:05:08]} 34. Qg6+ {[%emt 0:00:21]} Kd8 {[%emt 0:00:19]} 35. Qd6+ {[%emt 0:00:07]} 1-0

[Event "Irish International Open 2019"]
[Site "Dublin"]
[Date "2019.04.17"]
[Round "1.8"]
[White "Moran, Darragh"]
[Black "Larino Nieto, David"]
[Result "0-1"]
[WhiteElo "1844"]
[BlackElo "2434"]
[Annotator "TA"]
[PlyCount "90"]
[EventDate "2019.02.28"]
[EventType "swiss"]
[EventCountry "IRL"]
[SourceTitle "playchess.com"]
[Source "ChessBase"]
[SourceQuality "1"]

{[%evp 9,90,25,45,29,43,0,4,-12,0,11,31,23,34,27,85,35,144,122,110,124,121,104,93,107,158,106,94,27,42,47,108,122,116,66,70,70,72,0,72,-14,-2,-7,-16,-10,-8,-12,-4,-21,0,0,0,-45,-41,-45,-41,-52,-43,-43,-49,-149,-139,-189,-152,-147,-124,-124,-100,-109,-118,-192,-200,-194,-153,-327,-258,-459,-441,-544,-532,-29996,-29997,-29997,-29998]} 1. d4 d6 2. e4 Nf6 3. Nc3 Nbd7 4. Nf3 e5 5. Bc4 exd4 6. Nxd4 {C41: Philidor Defence} (6. Qxd4 Nb6 7. Bf4 Be7 8. O-O-O Nxc4 9. Qxc4 O-O 10. Rhe1 Be6 11. Qf1 Qc8 12. Nd4 Bd7 13. f3 Rb8 {1-0 (29) Van Foreest,J (2615)-Sokolov,I (2623) Hoogeveen 2016}) 6... Nb6 7. Bb3 c5 8. Ndb5 {The position is equal.} c4 9. Ba4 $1 Bd7 $146 ({Predecessor:} 9... Nxa4 10. Nxa4 d5 11. Bf4 Bb4+ 12. c3 Ba5 13. Nd6+ Kf8 {1-0 (47) Spooner,M (1969)-Ikegami,O (1908) ICCF email 2016}) 10. b3 Nxa4 11. bxa4 Bg4 (11... d5 $11) 12. Qd4 Be7 (12... a6 $14 13. Na3 d5) 13. Bf4 (13. Qxc4 $6 Rc8 $11) 13... O-O 14. O-O d5 15. Nxd5 (15. exd5 $6 a6 $11) 15... Nxd5 16. exd5 {And now Be5 would win.} Bf5 {[#]} ({Better is} 16... Bf6 17. Be5 (17. Qxc4 Bxa1 18. Rxa1 Rc8 $11) 17... Bxe5 18. Qxe5 Qd7) 17. Rac1 ({Don't play} 17. Qxc4 $6 Rc8 $11) (17. Be5 $142 $1) 17... a6 $16 18. Nc3 (18. Nc7 $16 Rc8 19. Qe5 (19. Qxc4 $2 Bd6 $19)) 18... Ba3 19. Rb1 {[%cal Bc1b1,Bb1b7,Bb7c7][%mdl 32]} ({Stronger than} 19. Qxc4 Rc8 $17) 19... Bxc2 (19... Qd7 $14) 20. Rxb7 Bd3 21. Rd1 Qc8 22. Rc7 Qf5 23. Qe5 (23. d6 $16) 23... Qg6 (23... Qxe5 $11 {keeps the balance.} 24. Bxe5 Rfe8) 24. Qg5 (24. d6 $16) 24... Qxg5 $11 25. Bxg5 Bd6 26. Rc6 Be5 27. Rc1 f6 28. Be3 Rfc8 29. Rb6 Rd8 30. f3 Bxc3 31. Rxc3 Rxd5 32. Kf2 Ra5 33. Rb4 $1 Re8 {aiming for ...Rae5.} 34. a3 ({White should play} 34. Rc1 $15) 34... Rae5 $17 35. Bc1 Re2+ 36. Kg3 Ra2 {Hoping for ...Ree2.} 37. Rb2 Ra1 38. Bf4 g5 $36 {[%mdl 2048] Black is in control.} 39. Bd6 {[#]} (39. Bd2 $17 {was called for.}) 39... Re6 $1 $19 {[%cal Re6d6]} 40. Bc5 Rh1 41. h3 $2 (41. Rb6 $17 {keeps fighting.} Rxb6 42. Bxb6) 41... h5 42. f4 $2 (42. h4) 42... Re4 43. fxg5 fxg5 44. Rd2 h4+ 45. Kf3 Rf4+ {Accuracy: White = 30%, Black = 45%.} 0-1

[Event "Irish International Open 2019"]
[Site "Dublin"]
[Date "2019.04.17"]
[Round "1.9"]
[White "Thorfinnsson, Bjorn"]
[Black "Larter, Nick J."]
[Result "1-0"]
[WhiteElo "2399"]
[BlackElo "1830"]
[Annotator "TA"]
[PlyCount "53"]
[EventDate "2019.02.28"]
[EventType "swiss"]
[EventCountry "IRL"]
[SourceTitle "playchess.com"]
[Source "ChessBase"]
[SourceQuality "1"]

{[%evp 13,53,46,45,13,18,5,66,0,54,29,32,21,26,33,134,139,168,170,177,172,173,166,171,131,139,137,190,187,174,138,187,202,252,247,959,813,996,996,925,859,29985,798]} 1. d4 e6 2. Nf3 f5 3. g3 Nf6 4. Bg2 Be7 5. O-O O-O 6. c4 d6 7. Nc3 Ne4 8. Nd2 {A96: Classical Dutch: Fluid Systems: Early deviations} (8. Qc2 Nxc3 9. bxc3 Nc6 10. d5 Na5 11. dxe6 Bxe6 12. Nd4 Bxc4 13. Nxf5 Bf6 14. Ne3 Bf7 15. Be4 h6 16. Rb1 Kh8 17. c4 {½-½ (25) Ding,L (2777)-Kravtsiv,M (2665) Tbilisi 2017}) 8... Nxc3 9. bxc3 Nd7 ({Better is} 9... Nc6 $11) 10. Qc2 $146 (10. f4 $14) ({Predecessor:} 10. e4 fxe4 11. Nxe4 e5 12. Qe2 c6 13. Ba3 exd4 14. cxd4 Nf6 15. Rfe1 Bf5 {1-0 (32) Onasch,G-Rosin,R Stralsund 1998}) 10... Nf6 (10... e5 $11) 11. e4 f4 12. Nf3 fxg3 13. fxg3 Qe8 (13... e5 $14) 14. e5 $1 $36 {[%cal Re5f6][%mdl 2048] Keeping Black busy.} dxe5 15. Nxe5 Nd7 16. Rxf8+ Bxf8 17. Nxd7 Qxd7 18. Be4 g6 19. Bf4 a5 (19... c6 $16 {was necessary.} 20. Re1 Bg7) 20. Rf1 $18 Bg7 21. Be5 {Black must now prevent Bxg6!} Bxe5 22. dxe5 {Bxg6! is the strong threat.} Qe7 {[#]} 23. Bxg6 $1 {[%mdl 512]} Qc5+ $2 (23... Bd7) (23... hxg6 24. Qxg6+) 24. Kg2 Bd7 25. Bxh7+ Kh8 26. Rf7 {Threatening mate with Bg8.} Qxc4 27. Qg6 {Accuracy: White = 38%, Black = 26%.} (27. Kh3 $142 Bb5 28. Qg6 Qf1+ {[#]} 29. Kh4 $1 {[%mdl 512]} Qxf7 30. Qxf7 Rf8 31. Qxf8+ Kxh7 32. Kg5 Bd7 33. Kf6 Bc6 34. Qg7#) 1-0

[Event "Irish International Open 2019"]
[Site "Dublin"]
[Date "2019.04.17"]
[Round "1.10"]
[White "Abul Kalam, Azad Lilu"]
[Black "Jackson, James P"]
[Result "0-1"]
[WhiteElo "1951"]
[BlackElo "2388"]
[Annotator "TA"]
[PlyCount "80"]
[EventDate "2019.02.28"]
[EventType "swiss"]
[EventCountry "IRL"]
[SourceTitle "playchess.com"]
[Source "ChessBase"]
[SourceQuality "1"]

{[%evp 18,80,-33,-41,-44,-106,-98,-91,-90,-138,-137,-166,-162,-172,-155,-316,-308,-286,-227,-356,-358,-366,-366,-423,-443,-410,-409,-394,-368,-358,-371,-353,-363,-475,-457,-572,-485,-554,-537,-569,-561,-648,-474,-661,-645,-717,-693,-872,-872,-887,-885,-1276,-1265,-1377,-1275,-29981,-29962,-29987,-6149,-5839,-6028,-29983,-29984,-29998,-29991]} 1. e4 e5 2. Nf3 Nc6 3. Nc3 Nf6 4. d4 exd4 5. Nxd4 Bb4 6. Nxc6 bxc6 7. Bd3 O-O 8. O-O d5 9. e5 Ng4 10. Bf4 f6 {C47: Scotch Four Knights and Four Knights with 4 g3} 11. Qe2 (11. exf6 $15 Qxf6 12. Bg3) (11. exf6 Qxf6 12. Bg3 Bc5 13. Qd2 h5 14. Na4 Bd6 15. Be2 h4 16. Bxd6 cxd6 17. Bxg4 Bxg4 18. f3 {½-½ (42) Sevillano,E (2514)-Amanov,Z (2399) Los Angeles 2013}) 11... Re8 $17 {[%cal Rf6e5]} 12. e6 Bxe6 {Black is better.} 13. Qf3 $146 ({Predecessor:} 13. Rae1 Bd6 14. Bxd6 Qxd6 15. f4 Bd7 16. Qf3 Qc5+ 17. Kh1 Rxe1 {0-1 (17) Sinauridze,S (2053)-Berzinsh,R (2409) Olaine 2018}) 13... Bd6 14. h3 {[#] Threatens to win with Bxd6.} Ne5 15. Qg3 Qd7 16. Bxe5 $2 (16. Rae1 $17 {was worth a try.}) 16... fxe5 $19 ({Less strong is} 16... Bxe5 17. Qh4 $19) 17. Be2 Rab8 18. Nd1 (18. Na4 $142) 18... Rf8 19. Bg4 e4 20. Bxe6+ Qxe6 21. Qe3 {[#]} Qe5 $1 {[%csl Gd6][%cal Re5h2]} 22. f4 Rxf4 23. Rxf4 Qxf4 24. Qxf4 Bxf4 {[%mdl 4096] Endgame KRB-KRN} 25. c3 c5 {[%cal Bc6c5,Bc5d4,Bd4d3][%mdl 32]} 26. b3 Kf7 27. Kf2 Ke6 28. Ke2 d4 29. Nf2 Re8 30. cxd4 cxd4 31. g3 Bd6 32. g4 Kd5 33. Rg1 Rf8 34. Rg2 Rf3 35. g5 d3+ 36. Kd1 Bc5 37. g6 hxg6 (37... Rxf2 $142 38. Rxf2 Bxf2 39. gxh7 e3 40. h8=R e2+ 41. Kd2 e1=Q+ 42. Kxd3 Qd1+ 43. Kc3 Be1+ 44. Kb2 Qe2+ 45. Ka3 Bc3 46. Rd8+ Kc6 47. Rd6+ cxd6 48. b4 Qb2+ {[%mdl 64] Double Attack} 49. Ka4 Qxb4#) 38. Rg5+ Rf5 39. Nxe4 Kxe4 40. Rxg6 Be3 {Accuracy: White = 20%, Black = 74%.} 0-1